American History (A-Z) Quiz Stats

 Plays Quiz Updated Jun 6, 2018

Challenge
Share
Tweet
Embed
Score 0/26 Timer 07:00
19 Plays Today
Letter Answer % Correct
HHiroshima
93.7%
KKentucky
93%
CConfederacy
92%
PProhibition
91.4%
BBoston Tea Party
88.9%
VVietnam War
84.8%
IInterstate Highway System
84.2%
NNew Deal
83.6%
EEmancipation Proclamation
83.5%
GGuam
80.4%
FFountain of Youth
75.2%
JJim Crow laws
74.2%
ZZachary (Taylor)
73.9%
Letter Answer % Correct
OOregon Trail
73.3%
RRed Scare
72.4%
DDeep Throat
67%
LLeague of Nations
66.8%
SSumter
65.8%
XXavier University
61.8%
MMonroe Doctrine
55%
AAppomattox Court House
54.4%
YYorktown
53.2%
UUncle Sam
48.5%
WWhiskey Rebellion
44%
TTreaty of Guadalupe Hidalgo
17%
QQuasi-War
16.5%

You're not logged in!

Compare scores with friends on all Sporcle quizzes.
Join for Free
OR
Log In

You Might Also Like...

Show Comments

Extras

Top Quizzes Today


Score Distribution

Your Account Isn't Verified!

In order to create a playlist on Sporcle, you need to verify the email address you used during registration. Go to your Sporcle Settings to finish the process.

Report this User

Report this user for behavior that violates our Community Guidelines.

Details: